00493nam a2200157Ia 4500003000200000005001700002008004100019020001400060100002100074245003600095260003900131300001900170942001200189999001900201952011500220020260121163018.0180323s9999 xx 000 0 und d a795703025 aKarasu, Byram T. 4aThe psychotherapist as healer / aLondon :bJason Aronson Inc.c2001 avii, 321 pages 2lcccBK c356349d356349 001040aCLbCLcGCd2018-03-23eDonationl0oRC 437.5 .K373 2002pC21451r2018-03-23 00:00:00w2018-03-23yBK